000 00841cam a22002531 4500
001 11386
003 BD-RjUL
005 20211208235121.0
008 140126s1964 nyua b 001 0 eng
035 _a(BD-RjUL)11435
035 _a(OCoLC)945939
040 _aDLC
_cMBU
_dOCoLC
_dDLC
_dBD-RjUL
_beng
041 1 _aeng
_hrus
082 _a548.84
_bKLM 1964
100 2 _aKlassen-Nekli︠u︡dova, M. V.
_q(Marina Viktorovna),
_d1905-
_935205
245 1 0 _aMechanical twinning of crystals /
_cAuthorized translation from the Russian by J.E.S. Bradley.
260 _aNew York :
_bConsultants Bureau,
_cc1964.
300 _axiv, 213 p. :
_billus., tables. ;
_c28 cm.
504 _aBibliography: p. 186-201 & Includes Index.
650 0 _aDislocations in crystals.
_934059
942 _2ddc
_cBK
999 _c11386
_d11386